000 00411nam a2200169Ia 4500
008 221030s9999 xx 000 0 und d
020 _a0070619859
041 _aEnglish
082 _a105.23
100 _aB. Hughes
245 0 _aSoftware Project Management
_cby B. Hughes, M. Cotterell
260 _bTMH
_aNew Delhi
_c2010
300 _a357
650 _aBE Computer
700 _aM. Cotterell
942 _cBK
999 _c9125
_d9125